|
|
|
|
| LEADER |
00000nas a2200000 a 4500 |
| 001 |
ssj0012595 |
| 003 |
WaSeSS |
| 005 |
20200512172242.0 |
| 006 |
m d |
| 007 |
cr n |
| 008 |
990602c19429999ilumr pss 0 a0eng c |
| 010 |
|
|
|a sn 99004013
|
| 015 |
|
|
|a GBB827007
|2 bnb
|
| 016 |
|
|
|a 000020226583
|2 AU
|
| 016 |
7 |
|
|a 018626788
|2 Uk
|
| 022 |
|
|
|a 1525-3163
|l 0021-8812
|y 0021-8812
|
| 030 |
|
|
|a JANSAG
|
| 035 |
|
|
|a (WaSeSS)ssj0012595
|
| 037 |
|
|
|b 1111 N. Dunlap Avenue, Savoy, IL 61874
|c $90.00 online access only
|c $45.00 for students; higher charges for institutions or print
|
| 040 |
|
|
|a NSD
|b eng
|c NSD
|d OCLCQ
|d NSD
|d OCLCQ
|d IUL
|d VRC
|d LGG
|d OCLCQ
|d DLC
|d OCLCQ
|d OCLCF
|d VT2
|d EUW
|d OCLCQ
|d MYG
|d NLE
|d CASUM
|d AU@
|d UKMGB
|d OCLCA
|d U3W
|d OCLCO
|d SFB
|d OCLCA
|d OCLCQ
|d OCLCA
|d WaSeSS
|
| 042 |
|
|
|a nsdp
|a pcc
|
| 050 |
1 |
4 |
|a SF1
|b .J6
|
| 060 |
0 |
0 |
|a W1
|b JO536H
|
| 082 |
1 |
0 |
|a 636
|2 13
|
| 130 |
0 |
|
|a Journal of animal science (Online)
|
| 210 |
0 |
|
|a J. anim. sci.
|b (Online)
|
| 222 |
|
0 |
|a Journal of animal science
|b (Online)
|
| 245 |
1 |
0 |
|a Journal of animal science
|h [electronic resource].
|
| 260 |
|
|
|a Savoy, IL :
|b American Society of Animal Science,
|c 1942-
|
| 310 |
|
|
|a Monthly,
|b 1967-
|
| 321 |
|
|
|a Quarterly,
|b 1942-1966
|
| 362 |
1 |
|
|a Began with: Volume 1, Issue 1 (February 1942).
|
| 506 |
|
|
|a License restrictions may limit access.
|
| 538 |
|
|
|a Mode of access: World Wide Web.
|
| 588 |
|
|
|a Description based on: Volume 1, Issue 1 (February 1942); title from journal home page (ACSESS Digital Library, viewed Mar. 6, 2017).
|
| 588 |
|
|
|a Latest issue consulted: Volume 85 Issue 12 (December 2007), ACSESS Digital Library, viewed Mar. 6, 2017.
|
| 650 |
|
0 |
|a Livestock
|v Periodicals.
|
| 650 |
|
7 |
|a Livestock.
|2 fast
|0 (OCoLC)fst01000722
|
| 650 |
1 |
2 |
|a Animal Husbandry.
|
| 650 |
1 |
2 |
|a Veterinary Medicine.
|
| 650 |
0 |
2 |
|a Animals.
|
| 655 |
|
0 |
|a Electronic journals.
|
| 710 |
2 |
|
|a American Society of Animal Science.
|
| 776 |
0 |
8 |
|i Print version:
|t Journal of animal science
|x 0021-8812
|w (DLC) 44009782
|w (OCoLC)1782370
|
| 776 |
1 |
|
|t Journal of animal science (CD-ROM)
|x 1544-7847
|w (DLC) 2012219043
|w (OCoLC)52239173
|
| 776 |
1 |
|
|t Journal of animal science ... and ASAS reference compendium
|x 1525-3015
|w (DLC)sn 99008696
|w (OCoLC)41448184
|
| 856 |
4 |
0 |
|z Full text available from Research Library: 10/01/1997 to present
|u https://search.proquest.com/publication/49113
|